04084nam a2200433Ia 4500001000900000003000500009005001700014007000300031008004100034010001100075040002300086041001300109100003100122240013400153245017400287264004200461300005800503336002700561337002800588338002800616502013900644504003400783520118100817520116701998650005103165650003403216650003403250650001803284650003803302650002703340650001903367650003603386650003203422650002803454700003703482700003903519700003903558856005303597dia_7287CHAP20241121181835.0ta220117s2008 mx ad frm 001 0 spa d a178490 cCHAPamxchpuaerda0 aspabeng1 aEscorza Pérez, Francisco10aEfect of the washing of curd on the textural and rheological properties of semihard cheese (Mexican Manchego Cheese). lEspañol10aEfecto del lavado de la cuajada sobre las propiedades texturales y reológicas de un queso de pasta semidura (Queso tipo manchego mexicano) /cFrancisco Escorza Pérez aChapingo, México :bEl autor,c2008 axi, 125 hojas :bilustraciones, gráficas, diagramas 2rdacontentatextobtxt 2rdamediaano mediadobn 2rdacarrieravolumenbnc aTesis b(Maestro en Ciencias en Ciencia y Tecnología Agroalimentaria) -- cUACh. Departamento de Ingeniería Agroindustrial, d2008 aBibliografía: hojas 108-1223 aSe estudió la composición química, estado fisicoquímico, comportamiento reológico y textural de quesos tipo Manchego mexicano preparados a tres niveles de lavado de cuajada (0, 25 y 50%), con trabajo del grano a dos periodos (20 y 40 min). El estado fisicoquímico, comportamiento reológico y textura se observaron a diferentes periodos (7, 15, 30 y 60 días). El lavado de la cuajada propició aumento significativo (P?0.05) del contenido de humedad y NaCl, así como, la pérdida parcial de calcio y fósforo en el queso. Los quesos de pasta lavada mostraron pH y tasas de proteólisis significativamente mayores (P?0.05). Quesos de pasta lavada mostraron menores valores significativos (P?0.05) de firmeza y resiliencia, contrario a los de cohesividad. Los quesos con nulo o bajo nivel de lavado (0 y 25%) mostraron incremento significativo (P?0.05) del esfuerzo para los módulos de almacenamiento (G') y pérdida (G''), contrapuesto a una ligera disminución a un nivel mayor (50%). El lavado de la cuajada propició aumento significativo de la zona viscoelástica lineal en G' y G'' descrita como una función del porcentaje de deformación. --3 aThe chemical composition, physicochemical state, rheological and textural behavior of Mexican Manchego cheeses prepared using three levels of curd washing at 0%, 25% and 50%, along with the working of the grain were studied during two periods (20 min and 40 min). The physicochemical state and rheological and textural behaviors were observed on different days (7, 15, 30 and 60 days). The washing of the curd propitiated a significant increase (P?0.05) in the moisture and NaCl contents, as well as the partial loss of calcium and phosphorus in the cheese. Cheeses with washed curd showed significantly higher pH and proteolysis rates (P?0.05). Cheeses with washed curd showed significantly lower values (P?0.05) of firmness and resilience, while the opposite occurred in their level of cohesiveness. Cheeses with no or a low amount of wash (0% and 25%) showed a significant increase (P?0.05) of stress for the storage modules (G') and loss (G "), opposed to a slight decrease at higher level (50%) of washing. The washing of the curd propitiated a significant increase of the lineal viscoelastic zone in G' y G'' described as a function deformation percentage.13aEvaluación sensorial de los alimentos 2atg13aMaduración del queso 2atg13aPropiedades de cuajado 2atg13aQuesos 2atg13aQuesosxControl de calidad 2atg13aCheese ripening 2atg13aCheeses 2atg13aCheesesxQuality control 2atg13aRenneting properties 2atg13aSensory evaluation2atg1 aSantos Moreno, Armandoedirector1 aAguirre Mandujano, Eleazareasesor1 aHernández Montes, Arturoeasesor41uhttp://10.13.5.2/tesis/106918.pdfyDESCARGAR PDF